Co to za zwierzak? #3 - Statystyki

Ogólne statystyki
  • Ten quiz został rozwiązany 32 razy
  • Średni wynik to 14 z 24
Statystyki odpowiedzi
Obrazkowy Hint Odpowiedź % Poprawnych
x amazońska, inaczej Wydra olbrzymia Arirania
100%
x indyjski Gaur
100%
inaczej Borsuk europejski Jaźwiec
100%
x brazylijska, inaczej Świnka morska Kawia
100%
x żółty, inaczej Wikławiec lub Chwytacz Kinkażu
100%
x rudy, inaczej Koati Ostronos
100%
x stepowy Suhak
100%
x brunatny Wełniak
100%
x cętkowana, inaczej Hiena cętkowany Krokuta
67%
zebra x Kwagga
67%
inaczej Makak berberyski Magot
67%
inaczej Kaspijski czerwony jeleń Maral
67%
x plamisty, inaczej Kuna workowata Niełaz
67%
rasa psa Tosa
67%
x górska, inaczej Pałaneczka mała Drzewnica
33%
x żółty Liściołaz
33%
x uszaty Mieczonos
33%
x rudonogi Pademelon
33%
rasa psa Samojed
33%
x trójpalcowa Amfiuma
0%
rasa konia, inaczej Koń andaluzyjski Dzianet
0%
x pręgowany Palcownik
0%
rasa psa Pumi
0%
x wielka Wolatucha
0%
Nie znaleziono quizów pasujących do podanych kryteriów
Rozkład punktacji
Procent ludzi z każdym wynikiem
Percentyl według liczby udzielonych odpowiedzi
Twoja historia wyników
Nie rozwiązałeś tego quizu